000
00219 a2200097 4500
100
_a
Smith H
245
_a
Forgotten truth
260
_a
Lahore
_b
Suhail academy
_c
090
_c
26713
_d
26713
942
_a
NUST-CAE
_c
M
_c
18573
999
_c
409206
_d
409206